Kimia organik asas, bahagian 5 hasil industri

Bibliographic Details
Main Authors: Tedder, J. M. (Author), Jubb, A. H. (Author), Nechvatal, Antony 1962- (Author)
Format: Book
Published: Kuala Lumpur Dewan Bahasa dan Pustaka 1993
Subjects:

MARC

LEADER 00000cam a2200000 7i4500
001 0000000291
008 021118s1993
020 |a 983623411X 
090 0 0 |a QD251.2  |b .T4125 1993 
100 0 |a Tedder, J. M.  |e author 
240 2 0 |a Basic organic chemistry, part 5 : industrial products  |l [Bahasa Malaysia] 
245 1 0 |a Kimia organik asas, bahagian 5  |b hasil industri  |c J. M. Tedder, A. Nechvatal, A. H. Jubb  |f penterjemah, Mohd. Zaizi Desa ... [et al.] 
260 2 |a Kuala Lumpur  |b Dewan Bahasa dan Pustaka  |c 1993 
300 |a xxviii, 689 p.  |c 22 cm 
650 0 |a Chemistry, Organic 
700 1 |a Jubb, A. H.  |e author 
700 1 |a Nechvatal, Antony  |d 1962-  |e author 
999 |a 1000031102  |b Book  |c OPEN SHELF (30 DAYS)  |e Tembila Campus 
999 |a 1000031103  |b Book  |c OPEN SHELF (30 DAYS)  |e Tembila Campus